=LDR 00000nam 2200000 4500 =001 INLIS000000000063216 =005 20240213021426 =035 ##$$a 0010-0224000086 =007 ta =008 240213################g##########0#ind## =020 ##$$a 978-623-7394-32-7 =082 ##$$a 297.371 =084 ##$$a 297.371 ALA s =245 1#$$a Stop! rumahku bukan untuk setan : $b 40 cara ampuh membentengi rumah dari setan /$c Muhammad bin Khumais al-Ajami; penerjemah, Dinar Zul Akbar; editor, Dian Arta Dina Ratu =250 ##$$a Cetakan Pertama, Februari 2020 =300 ##$$a xii, 132 halaman ; $c 21 cm =650 #4$$a Jin dan Setan =700 #$$a Dinar Zul Akbar (penerjemah) =700 #$$a Dian Arta Dina Ratu (editor) =504 ##$$a Bibliografi: halaman 128-130 =264 ##$$a Solo :$b Tinta Medina,$c 2020 =336 ##$$a teks$2 rdacontent =337 ##$$a tanpa perantara$2 rdamedia =338 ##$$a volume$2 rdacarrier =990 ##$$a 03980398 =990 ##$$a 03980398 =990 ##$$a 03980398